000 00575nam a22001817a 4500
003 UA-OsUOA
001 13332
007 ta
008 20030506b un ||||| |||| 00| 0 ukr d
100 _aЛеуненко В.
942 _cSA
040 _aUA-OsUOA
_cUA-OsUOA
_dUA-OsUOA
245 _a" Хіба можна їздити на курорти , коли не вистачає на хліб і молоко? "
300 _aС.4
955 _a0
773 0 _w0
_tВільне слово
_dРівне
_d2003
_g№32/23 квіт./
650 7 _aКраєзнавча робота
_2UDC
999 _c299493
_d299493